Property laws : (Record no. 88699)

MARC details
000 -LEADER
fixed length control field 00605nam a22001817a 4500
005 - DATE AND TIME OF LATEST TRANSACTION
control field 20140917114220.0
010 ## - LCCN (DPL NO)
LC control number ENG-110871
020 ## - INTERNATIONAL STANDARD BOOK NUMBER
International Standard Book Number 9789351431756
Terms of availability 150.00
035 ## - SYSTEM CONTROL NUMBER
System control number EN-94403
037 ## - SOURCE OF ACQUISITION
Source of stock number/acquisition DBAD/PUB
100 ## - MAIN ENTRY--PERSONAL NAME
Personal name Rosedar, S. R. A.
245 ## - TITLE STATEMENT
Title Property laws :
Statement of responsibility, etc by Rosedar S. R. A.
Remainder of title transfer of property and easements /
260 ## - PUBLICATION, DISTRIBUTION, ETC. (IMPRINT)
Place of publication, distribution, etc Gurgaon
Name of publisher, distributor, etc Lexis Nexis
Date of publication, distribution, etc 2014
270 ## - ADDRESS
Address 14th Floor, Building No.10, Tower-B, DLF Cyber City, Phase-II
City Gurgaon
Postal code 122002
300 ## - PHYSICAL DESCRIPTION
Extent viii,100p.
Dimensions 22cm(pbk)
490 ## - SERIES STATEMENT
Series statement Quick reference guide series
942 ## - ADDED ENTRY ELEMENTS (KOHA)
Source of classification or shelving scheme Dewey Decimal Classification
Item type English Books
Call number suffix ROS
Classification part 346.5404
Holdings
Withdrawn status Lost status Not for loan Collection code Home library Current library Date acquired Source of acquisition Cost, normal purchase price Full call number Barcode Copy number Cost, replacement price Koha item type
    Not For Loan Non-fiction D.B.Act.Division D.B.Act.Division 16/09/2014 DBAD/PUB 150.00 346.5404 ROS EN-94403 1 150.00 English Books

© Delhi Public Library
Hit Counter
free hit counter